[Event "Online Olym Div2 C 2020"]
[Site "chess.com INT"]
[Date "2020.08.14"]
[Round "3.4"]
[Board "5"]
[White "Warmerdam, Max"]
[Black "Garanin, Aleksei"]
[Result "1-0"]
[WhiteTitle "IM"]
[BlackTitle "FM"]
[WhiteElo "2506"]
[BlackElo "2233"]
[WhiteTeam "Netherlands"]
[BlackTeam "Estonia"]
[WhiteFideId "1048104"]
[BlackFideId "4504950"]
[EventDate "2020.08.14"]
[EventType "team"]

1. d4 Nf6 2. c4 g6 3. Nc3 Bg7 4. e4 O-O 5. Be3 d6 6. h3 e5 7. d5 a5 8. g4 Na6 9.
f3 Nd7 10. h4 Ndc5 11. h5 Qe7 12. Qd2 Bd7 13. Nge2 c6 14. O-O-O Rfd8 15. Ng3 Qf8
16. Qh2 h6 17. g5 Nb4 18. Kb1 cxd5 19. exd5 Bf5+ 20. Nxf5 gxf5 21. Bh3 f4 22.
Bxc5 dxc5 23. Ne4 b5 24. Qe2 bxc4 25. Qxc4 Kh8 26. Bf5 Ra7 27. Rhg1 Qe7 28. g6
fxg6 29. Rxg6 Qf7 30. Be6 Qf8 31. a3 Na6 32. d6 Nc7 33. Rdg1 Nxe6 34. Qxe6 Rad7
35. Rc1 Qf7 36. Qxf7 Rxf7 37. Rxc5 Rf5 38. Rc7 Rg8 39. Nc5 e4 40. fxe4 Rf6 41.
Rcxg7 Rxg6 42. Rxg6 1-0

[Event "Online Olym Div2 C 2020"]
[Site "chess.com INT"]
[Date "2020.08.14"]
[Round "3.4"]
[Board "6"]
[White "Pool, Linda Maria"]
[Black "Roebers, Eline"]
[Result "0-1"]
[WhiteElo "1148"]
[BlackElo "2066"]
[WhiteTeam "Estonia"]
[BlackTeam "Netherlands"]
[WhiteFideId "4508882"]
[BlackFideId "1058401"]
[EventDate "2020.08.14"]
[EventType "team"]

1. d4 f5 2. Nf3 Nf6 3. e3 d6 4. Bd3 g6 5. O-O Bg7 6. Bc4 e6 7. Bd2 O-O 8. a3 Kh8
9. Ba2 Qe8 10. Bc3 a5 11. Nbd2 Nc6 12. Re1 e5 13. dxe5 dxe5 14. e4 f4 15. Nc4
Ng4 16. h3 Nh6 17. Qe2 b5 18. Ncd2 b4 19. axb4 axb4 20. Bxe5 Nxe5 21. Nxe5 Qxe5
22. Bd5 Rxa1 23. Rxa1 Qxb2 24. Rb1 Qxc2 25. Rxb4 Bc3 26. Rb8 Bxd2 27. Be6 f3 28.
gxf3 Qc1+ 29. Kg2 Bxe6 30. Rxf8+ Kg7 31. Rd8 Bf4 32. Qd3 Bxh3+ 33. Kxh3 Qh1# 0-1

[Event "Online Olym Div2 C 2020"]
[Site "chess.com INT"]
[Date "2020.08.14"]
[Round "3.5"]
[Board "1"]
[White "Borisek, Jure"]
[Black "Dvirnyy, Danyyil"]
[Result "1/2-1/2"]
[WhiteTitle "GM"]
[BlackTitle "GM"]
[WhiteElo "2591"]
[BlackElo "2485"]
[WhiteTeam "Slovenia"]
[BlackTeam "Italy"]
[WhiteFideId "14603152"]
[BlackFideId "817570"]
[EventDate "2020.08.14"]
[EventType "team"]

1. e4 c5 2. Nf3 Nc6 3. Bb5 g6 4. Bxc6 bxc6 5. O-O Bg7 6. Re1 Qc7 7. c3 Nf6 8. e5
Nd5 9. d3 O-O 10. Nbd2 d6 11. Nc4 Bg4 12. h3 Bxf3 13. Qxf3 dxe5 14. Be3 Nb6 15.
Bxc5 Nxc4 16. dxc4 f5 17. Rad1 Rfd8 18. Qe3 Bf6 19. f3 Qa5 20. Ba3 Qa4 21. Qe2
Kf7 22. g4 Bh4 23. Rf1 Bf6 24. Rfe1 Bh4 25. Rf1 Bf6 26. Rfe1 1/2-1/2

[Event "Online Olym Div2 C 2020"]
[Site "chess.com INT"]
[Date "2020.08.14"]
[Round "3.5"]
[Board "2"]
[White "Valsecchi, Alessio"]
[Black "Sebenik, Matej"]
[Result "1-0"]
[WhiteTitle "GM"]
[BlackTitle "GM"]
[WhiteElo "2491"]
[BlackElo "2498"]
[WhiteTeam "Italy"]
[BlackTeam "Slovenia"]
[WhiteFideId "818860"]
[BlackFideId "14602296"]
[EventDate "2020.08.14"]
[EventType "team"]

1. c4 e5 2. Nc3 Nf6 3. Nf3 Nc6 4. e3 Bb4 5. Qc2 O-O 6. a3 Bxc3 7. Qxc3 Re8 8.
Be2 d5 9. cxd5 Nxd5 10. Qc5 Bg4 11. d3 a5 12. Bd2 Qd7 13. h3 Bh5 14. Rc1 Nb6 15.
Qc2 Rad8 16. Bc3 Bg6 17. e4 Bh5 18. O-O Bxf3 19. Bxf3 a4 20. Be2 Qd6 21. Rfd1
Re7 22. Rd2 Nd4 23. Bxd4 Qxd4 24. Qc5 Qxc5 25. Rxc5 c6 26. Bd1 Kf8 27. Kf1 f6
28. Ke2 Red7 29. g3 Ke7 30. f4 Kd6 31. Rc3 Kc7 32. Ke3 Rd4 33. Bg4 Kd6 34. fxe5+
fxe5 35. Rf2 Ke7 36. Rf5 Kd6 37. Rf7 c5 38. Rxb7 Kc6 39. Rxg7 c4 40. Be2 1-0

[Event "Online Olym Div2 C 2020"]
[Site "chess.com INT"]
[Date "2020.08.14"]
[Round "3.5"]
[Board "3"]
[White "Unuk, Laura"]
[Black "Brunello, Marina"]
[Result "0-1"]
[WhiteTitle "WGM"]
[BlackTitle "IM"]
[WhiteElo "2315"]
[BlackElo "2368"]
[WhiteTeam "Slovenia"]
[BlackTeam "Italy"]
[WhiteFideId "14609215"]
[BlackFideId "822590"]
[EventDate "2020.08.14"]
[EventType "team"]

1. d4 d5 2. c4 c6 3. Nf3 Nf6 4. e3 e6 5. Bd3 Nbd7 6. O-O Bd6 7. Nc3 O-O 8. e4
dxe4 9. Nxe4 Nxe4 10. Bxe4 Nf6 11. Bc2 c5 12. Bg5 h6 13. Bh4 cxd4 14. Qd3 Re8
15. Nxd4 Be5 16. Bxf6 Qxf6 17. Qh7+ Kf8 18. Nb3 Bd7 19. Be4 Bc6 20. Bxc6 bxc6
21. Rad1 Rad8 22. Na5 Rc8 23. Rd7 g5 24. Rfd1 c5 25. g3 Bd4 26. Rd2 a6 27. Nb7
Re7 28. Rxe7 Kxe7 29. Qe4 Qe5 30. Qxe5 Bxe5 31. Na5 h5 32. Kg2 f5 33. Nb3 g4 34.
Nc1 Bf6 35. b3 h4 36. gxh4 Rh8 37. f3 Rxh4 38. Nd3 Bd4 39. Nf4 Kf6 40. fxg4
Rxg4+ 41. Kf3 e5 42. Nd5+ Kg5 43. Ne3 e4+ 44. Ke2 Rh4 45. Nf1 f4 46. b4 f3+ 47.
Kd1 e3 48. Nxe3 Bxe3 49. Rd5+ Kf4 50. bxc5 Rxh2 51. c6 Rh1+ 52. Kc2 f2 53. c7
f1=Q 54. c8=Q Qb1+ 55. Kc3 Rc1# 0-1

[Event "Online Olym Div2 C 2020"]
[Site "chess.com INT"]
[Date "2020.08.14"]
[Round "3.5"]
[Board "4"]
[White "Sedina, Elena"]
[Black "Janzelj, Lara"]
[Result "0-1"]
[WhiteTitle "IM"]
[BlackTitle "WIM"]
[WhiteElo "2299"]
[BlackElo "2210"]
[WhiteTeam "Italy"]
[BlackTeam "Slovenia"]
[WhiteFideId "812153"]
[BlackFideId "14608391"]
[EventDate "2020.08.14"]
[EventType "team"]

1. e4 e5 2. Nf3 Nc6 3. Bc4 Bc5 4. O-O Nf6 5. d3 d6 6. c3 a6 7. Bb3 Ba7 8. Nbd2
h6 9. Re1 Ne7 10. Nf1 Ng6 11. h3 O-O 12. Ng3 Be6 13. d4 Re8 14. Bc2 c6 15. Be3
Qc7 16. Qd2 Rad8 17. Rad1 b5 18. a3 Bc8 19. b4 c5 20. d5 c4 21. a4 Bxe3 22. Qxe3
Nf4 23. Ne2 N6h5 24. Nh2 Qe7 25. Ng3 Qg5 26. Ra1 Rf8 27. Bd1 Nxg3 28. fxg3 Nd3
29. Qxg5 hxg5 30. Re3 f5 31. exf5 Bxf5 32. Bg4 g6 33. Nf3 Bxg4 34. hxg4 Rd7 35.
Nxg5 Nf2 36. Ne6 Rf6 37. Rf3 Nxg4 38. axb5 axb5 39. Ra8+ Kf7 40. Rh8 Rxf3 41.
gxf3 Nf6 42. Kf2 Nxd5 0-1

[Event "Online Olym Div2 C 2020"]
[Site "chess.com INT"]
[Date "2020.08.14"]
[Round "3.5"]
[Board "5"]
[White "Stevanic, David"]
[Black "Moroni, Luca Jr"]
[Result "0-1"]
[WhiteTitle "FM"]
[BlackTitle "GM"]
[WhiteElo "2337"]
[BlackElo "2530"]
[WhiteTeam "Slovenia"]
[BlackTeam "Italy"]
[WhiteFideId "14613921"]
[BlackFideId "865834"]
[EventDate "2020.08.14"]
[EventType "team"]

1. e4 e5 2. Nf3 Nc6 3. Bc4 Bc5 4. c3 Nf6 5. d3 a6 6. Bb3 Ba7 7. O-O d6 8. Nbd2
h6 9. h3 g5 10. d4 g4 11. dxe5 gxf3 12. exf6 fxg2 13. Kxg2 Qxf6 14. Qf3 Rg8+ 15.
Kh2 Qe5+ 16. Kh1 Qe7 17. Nc4 Be6 18. Be3 Bxc4 19. Rg1 Rxg1+ 20. Rxg1 Ne5 21. Qf5
Be6 22. Bxe6 fxe6 23. Qh5+ Kd7 24. Bxa7 b6 25. f4 Nc6 26. Qxh6 Rf8 27. Bxb6 cxb6 0-1

[Event "Online Olym Div2 C 2020"]
[Site "chess.com INT"]
[Date "2020.08.14"]
[Round "3.5"]
[Board "6"]
[White "Grimaldi, Angela Flavia"]
[Black "Urh, Zala"]
[Result "0-1"]
[BlackTitle "WIM"]
[WhiteElo "2070"]
[BlackElo "2156"]
[WhiteTeam "Italy"]
[BlackTeam "Slovenia"]
[WhiteFideId "2805214"]
[BlackFideId "14611481"]
[EventDate "2020.08.14"]
[EventType "team"]

1. e4 c5 2. Nf3 Nc6 3. Bb5 g6 4. Bxc6 dxc6 5. d3 Bg7 6. h3 Nf6 7. Nc3 Nd7 8. Be3
e5 9. Qd2 h6 10. O-O-O b6 11. Kb1 Nf8 12. Nh2 Be6 13. f4 exf4 14. Bxf4 Qe7 15.
Ng4 g5 16. Bh2 O-O-O 17. Qf2 Ng6 18. Ne2 c4 19. Qg3 Kb7 20. d4 h5 21. Ne3 h4 22.
Qf2 c3 23. Nxc3 Bxd4 24. Rxd4 Rxd4 25. Nf5 Bxf5 26. exf5 Qd7 27. fxg6 fxg6 28.
Be5 Rd2 29. Qf3 Re8 30. Re1 Re6 31. Qe3 Re8 32. Qxg5 Rd8 33. a3 b5 34. Bf4 Rd4
35. Be3 Rc4 36. Qxh4 Rxh4 0-1

[Event "Online Olym Div2 C 2020"]
[Site "chess.com INT"]
[Date "2020.08.15"]
[Round "4.1"]
[Board "1"]
[White "Anton Guijarro, David"]
[Black "Vocaturo, Daniele"]
[Result "1-0"]
[WhiteTitle "GM"]
[BlackTitle "GM"]
[WhiteElo "2688"]
[BlackElo "2617"]
[WhiteTeam "Spain"]
[BlackTeam "Italy"]
[WhiteFideId "2285525"]
[BlackFideId "813192"]
[EventDate "2020.08.14"]
[EventType "team"]

1. Nf3 d5 2. g3 Bg4 3. Bg2 c6 4. h3 Bh5 5. O-O Nd7 6. d3 e5 7. e4 Bd6 8. Qe1 Ne7
9. Nh4 O-O 10. Nc3 dxe4 11. dxe4 f6 12. Nf5 Nxf5 13. exf5 Bf7 14. Ne4 Nc5 15.
Nxd6 Qxd6 16. Qe2 Rad8 17. Be3 Bd5 18. Rfd1 Qe7 19. c4 Bxg2 20. Kxg2 b6 21. b4
Nb7 22. c5 b5 23. a4 a6 24. axb5 axb5 25. Ra7 Rxd1 26. Qxd1 Qf7 27. Qf3 Rc8 28.
g4 h6 29. h4 Qd7 30. Qe4 Kf7 31. Kh2 Ke7 32. Qc2 Rb8 33. Qa2 h5 34. Qe2 Kd8 35.
Qf3 hxg4 36. Qxg4 Kc7 37. Ra1 Rh8 38. Rg1 Rh7 39. h5 Qf7 40. h6 gxh6 41. Qg6 Nd8
42. Kh3 Kd7 43. Qxf7+ Nxf7 44. Ra1 Ng5+ 45. Kh4 Re7 46. Kh5 Ne4 47. Kg6 Nc3 48.
Kxf6 Nd5+ 49. Kg6 e4 50. Ra7+ Ke8 51. Ra8+ Kd7 52. Bxh6 Re5 53. f6 Re6 54. Bg5
e3 55. fxe3 Nxf6 56. Bxf6 Rxe3 57. Ra7+ Kc8 58. Kf5 Rb3 59. Be5 Rxb4 60. Rc7+
Kd8 61. Ke6 Rh4 62. Rxc6 1-0

[Event "Online Olym Div2 C 2020"]
[Site "chess.com INT"]
[Date "2020.08.15"]
[Round "4.1"]
[Board "2"]
[White "Dvirnyy, Danyyil"]
[Black "Shirov, Alexei"]
[Result "0-1"]
[WhiteTitle "GM"]
[BlackTitle "GM"]
[WhiteElo "2485"]
[BlackElo "2647"]
[WhiteTeam "Italy"]
[BlackTeam "Spain"]
[WhiteFideId "817570"]
[BlackFideId "2209390"]
[EventDate "2020.08.14"]
[EventType "team"]

1. d4 d5 2. c4 c6 3. Nf3 Nf6 4. e3 Bf5 5. Nc3 e6 6. Nh4 Be4 7. f3 Bg6 8. Qb3 Qc7
9. Bd2 Be7 10. Nxg6 hxg6 11. O-O-O Nbd7 12. cxd5 cxd5 13. Kb1 a6 14. Rc1 Qb8 15.
h4 b5 16. a4 O-O 17. a5 Rc8 18. Bd3 Qg3 19. Rcg1 Rc4 20. f4 Rac8 21. Qd1 b4 22.
Ne2 Qg4 23. Nc1 Ne4 24. Be2 Qf5 25. Bd3 Ndf6 26. g4 Nxg4 27. Rxg4 Qxg4 28. Qxg4
Nxd2+ 29. Ka1 Rxc1+ 0-1

[Event "Online Olym Div2 C 2020"]
[Site "chess.com INT"]
[Date "2020.08.15"]
[Round "4.1"]
[Board "3"]
[White "Matnadze, Ana"]
[Black "Zimina, Olga"]
[Result "1-0"]
[WhiteTitle "IM"]
[BlackTitle "IM"]
[WhiteElo "2421"]
[BlackElo "2378"]
[WhiteTeam "Spain"]
[BlackTeam "Italy"]
[WhiteFideId "13601377"]
[BlackFideId "4132190"]
[EventDate "2020.08.14"]
[EventType "team"]

1. d4 d5 2. Nf3 Nf6 3. g3 Bf5 4. Bg2 e6 5. O-O h6 6. c4 c6 7. Nc3 Nbd7 8. Qb3
Qb6 9. c5 Qa6 10. Re1 b6 11. cxb6 axb6 12. Ne5 Nxe5 13. dxe5 Nd7 14. e4 Nc5 15.
Qd1 dxe4 16. Nxe4 Nxe4 17. Bxe4 Bxe4 18. Rxe4 Rd8 19. Qc2 c5 20. Be3 Qd3 21.
Qxd3 Rxd3 22. a4 Be7 23. a5 bxa5 24. Rxa5 O-O 25. Bxc5 Bxc5 26. Rxc5 Rb3 27. Re2
Rfb8 28. Rcc2 g5 29. Kf1 Kg7 30. Ke1 Kg6 31. Kd1 Kf5 32. Kc1 R8b7 33. Rc4 h5 34.
h4 g4 35. Rc8 R3b5 36. Rg8 f6 37. Rh8 Kg6 38. exf6 R5b6 39. Rc2 Rf7 40. Rg8+
Kxf6 41. Rg5 Rh7 42. Rcc5 Rhb7 43. Rc2 Rb5 44. Rxb5 Rxb5 45. Kd2 Rb3 46. Ke2 Kf5
47. Kf1 Rb6 48. Kg2 Rb3 49. Rc8 Rxb2 50. Rg8 e5 51. Rg5+ Kf6 52. Rxh5 e4 53.
Rh6+ Kf7 54. Kf1 Ra2 55. Rh5 Kf6 56. Rg5 e3 57. fxe3 Ra4 58. Ke2 Ra2+ 59. Kd3
Ra3+ 60. Kd2 Ra2+ 61. Kc3 Ra3+ 62. Kb4 Rxe3 63. Rxg4 Rd3 64. Kc4 Rd1 65. Rd4 Rh1
66. Kd5 Rh3 67. Rd3 Kg6 68. Ke5 Rh1 69. Kf4 Rf1+ 70. Kg4 Rf6 71. Kh3 Ra6 72. g4
Rb6 73. Kg3 Ra6 74. Re3 Rb6 75. Kf4 Rf6+ 76. Kg3 Ra6 77. h5+ Kh6 78. Kh4 Ra4 79.
Re6+ Kg7 80. h6+ Kh7 81. Kh5 Ra1 82. Re7+ Kg8 83. g5 Ra6 84. Re8+ Kf7 85. h7 Ra5
86. Rf8+ 1-0

[Event "Online Olym Div2 C 2020"]
[Site "chess.com INT"]
[Date "2020.08.15"]
[Round "4.1"]
[Board "4"]
[White "Brunello, Marina"]
[Black "Vega Gutierrez, Sabrina"]
[Result "1/2-1/2"]
[WhiteTitle "IM"]
[BlackTitle "IM"]
[WhiteElo "2368"]
[BlackElo "2380"]
[WhiteTeam "Italy"]
[BlackTeam "Spain"]
[WhiteFideId "822590"]
[BlackFideId "2219026"]
[EventDate "2020.08.14"]
[EventType "team"]

1. e4 c5 2. Nf3 Nc6 3. d4 cxd4 4. Nxd4 Nf6 5. Nc3 e5 6. Ndb5 d6 7. Bg5 a6 8. Na3
b5 9. Nd5 Be7 10. Bxf6 Bxf6 11. c4 b4 12. Nc2 O-O 13. Be2 a5 14. O-O Bg5 15. Bf3
Be6 16. Qd3 g6 17. Rfd1 Rb8 18. b3 f5 19. a3 bxa3 20. Rxa3 f4 21. Nc3 Be7 22.
Nb5 Qb6 23. Qe2 h5 24. Raa1 Qc5 25. Rab1 Rfd8 26. Nc7 Bc8 27. Nd5 Bf8 28. Rd3
Rb7 29. Ra1 Bg7 30. Qd1 1/2-1/2

[Event "Online Olym Div2 C 2020"]
[Site "chess.com INT"]
[Date "2020.08.15"]
[Round "4.1"]
[Board "5"]
[White "Henderson de La Fuente, Lance"]
[Black "Moroni, Luca Jr"]
[Result "1/2-1/2"]
[WhiteTitle "GM"]
[BlackTitle "GM"]
[WhiteElo "2491"]
[BlackElo "2530"]
[WhiteTeam "Spain"]
[BlackTeam "Italy"]
[WhiteFideId "32096585"]
[BlackFideId "865834"]
[EventDate "2020.08.14"]
[EventType "team"]

1. d4 d5 2. Nf3 Nf6 3. c4 e6 4. g3 dxc4 5. Bg2 c5 6. O-O Nc6 7. dxc5 Qxd1 8.
Rxd1 Bxc5 9. Nbd2 c3 10. bxc3 O-O 11. Nb3 Be7 12. Nfd4 Bd7 13. Nxc6 Bxc6 14.
Bxc6 bxc6 15. c4 Ne4 16. Bb2 Rfd8 17. f3 Nc5 18. Ba3 Nxb3 19. Bxe7 Nxa1 20. Bxd8
Nc2 21. Be7 Ne3 22. Rc1 Nf5 23. Bc5 e5 24. Rd1 Nd4 25. Bxd4 Rd8 26. Rb1 exd4 27.
Rb7 g6 28. Rxa7 d3 29. exd3 Rxd3 30. Kf2 Rc3 31. a4 Rxc4 32. Ke3 Rc2 33. h4 Rc3+
34. Ke4 Kg7 35. a5 Ra3 36. g4 h5 37. Kf4 1/2-1/2

[Event "Online Olym Div2 C 2020"]
[Site "chess.com INT"]
[Date "2020.08.15"]
[Round "4.1"]
[Board "6"]
[White "Palma, Maria"]
[Black "Garcia Martin, Marta"]
[Result "1/2-1/2"]
[WhiteTitle "WFM"]
[BlackTitle "IM"]
[WhiteElo "1989"]
[BlackElo "2328"]
[WhiteTeam "Italy"]
[BlackTeam "Spain"]
[WhiteFideId "898481"]
[BlackFideId "32084030"]
[EventDate "2020.08.14"]
[EventType "team"]

1. c4 e6 2. Nf3 d5 3. g3 Nf6 4. Bg2 Be7 5. O-O O-O 6. d4 c6 7. Qc2 b6 8. Nbd2
Bb7 9. e4 Nbd7 10. e5 Ne8 11. cxd5 cxd5 12. Re1 Rc8 13. Qa4 a5 14. Nf1 Nc7 15.
Ne3 Na6 16. a3 Bc6 17. Qd1 b5 18. h4 Re8 19. h5 h6 20. Ng4 Bf8 21. Bf1 Qb6 22.
Bd3 b4 23. Bc2 Bb5 24. a4 b3 25. Bxb3 Bc4 26. Bc2 Nb4 27. Bb1 Qa6 28. b3 Bd3 29.
Bxd3 Qxd3 30. Qxd3 Nxd3 31. Rd1 Nxc1 32. Rdxc1 Nb8 33. Kf1 Na6 34. Ke2 Rb8 35.
Rab1 Rec8 36. Rxc8 Rxc8 37. Ne3 Nb4 38. Ne1 Be7 39. Nd3 Rc3 40. Nxb4 Bxb4 41.
Rb2 Ba3 42. Rb1 Kf8 43. Kd2 Bb4 44. Ke2 Ke7 45. Rb2 Kd7 46. Nc2 Be7 47. b4 axb4
48. Nxb4 Ra3 49. Nd3 Rxa4 50. Rb7+ Ke8 51. Ke3 Ra3 52. Rb8+ Bd8 53. Ke2 Ra2+ 54.
Ke3 Ra3 55. Ke2 Ra2+ 56. Ke3 Ra3 1/2-1/2

[Event "Online Olym Div2 C 2020"]
[Site "chess.com INT"]
[Date "2020.08.15"]
[Round "4.2"]
[Board "1"]
[White "Sirosh, Ilja"]
[Black "Borisek, Jure"]
[Result "1/2-1/2"]
[WhiteTitle "IM"]
[BlackTitle "GM"]
[WhiteElo "2405"]
[BlackElo "2591"]
[WhiteTeam "Estonia"]
[BlackTeam "Slovenia"]
[WhiteFideId "4500458"]
[BlackFideId "14603152"]
[EventDate "2020.08.14"]
[EventType "team"]

1. d4 Nf6 2. c4 g6 3. Nc3 d5 4. cxd5 Nxd5 5. e4 Nxc3 6. bxc3 Bg7 7. Bc4 c5 8.
Ne2 Nc6 9. Be3 O-O 10. h4 Qa5 11. O-O Rd8 12. Qb3 e6 13. d5 exd5 14. Bxd5 Qc7
15. Bxc5 Ne5 16. Bd4 Ng4 17. g3 Nf6 18. Nf4 Bg4 19. Kg2 Qd7 20. Qxb7 Nxd5 21.
Qxd5 Qe8 22. Qg5 Bxd4 23. cxd4 Qxe4+ 24. f3 Qc2+ 25. Rf2 Bxf3+ 26. Kg1 Qc3 27.
Raf1 Qxd4 28. Kh2 Bd5 29. Nh5 Bc4 30. Nf6+ Kg7 31. Rf4 Qb2+ 32. R1f2 Rd2 33. Ng4
Rxf2+ 34. Rxf2 Qd4 35. h5 Re8 36. Qh6+ Kh8 37. hxg6 fxg6 38. Rf8+ Rxf8 39. Qxf8+
Bg8 40. Nf6 Qb2+ 41. Kh3 Qxa2 42. Nxg8 Qxg8 43. Qf6+ Qg7 44. Qd8+ Qg8 45. Qf6+
Qg7 46. Qd8+ Qg8 47. Qf6+ 1/2-1/2

[Event "Online Olym Div2 C 2020"]
[Site "chess.com INT"]
[Date "2020.08.15"]
[Round "4.2"]
[Board "2"]
[White "Sebenik, Matej"]
[Black "Andrijashkin, Deniss"]
[Result "1/2-1/2"]
[WhiteTitle "GM"]
[WhiteElo "2498"]
[BlackElo "1915"]
[WhiteTeam "Slovenia"]
[BlackTeam "Estonia"]
[WhiteFideId "14602296"]
[BlackFideId "4504631"]
[EventDate "2020.08.14"]
[EventType "team"]

1. Nf3 g6 2. e4 Bg7 3. d4 d6 4. Bc4 e6 5. c3 Nd7 6. O-O Ne7 7. Bf4 b6 8. Nbd2
Bb7 9. Re1 O-O 10. a4 a6 11. Qe2 Nf6 12. h3 Nxe4 13. Nxe4 Bxe4 14. Qxe4 d5 15.
Qe2 dxc4 16. Qxc4 Nd5 17. Be5 Bxe5 18. Nxe5 Qg5 19. Nf3 Qf4 20. Qd3 c5 21. dxc5
bxc5 22. a5 c4 23. Qe2 Rab8 24. Red1 Rfc8 25. Ra4 Rc5 26. Ne5 Nxc3 27. bxc3 Rxe5
28. Rxc4 Rxe2 29. Rxf4 Rb7 30. Rd6 Rc2 31. c4 Rc7 32. Rxa6 R2xc4 33. Rxc4 Rxc4
34. g4 Kg7 35. Rb6 Ra4 36. a6 Kf6 37. Kg2 Kg5 38. Kg3 Ra3+ 39. f3 Kf6 40. h4 h6
41. Kf4 Ra4+ 42. Ke3 Ke5 43. f4+ Kd5 44. g5 hxg5 45. hxg5 Ra3+ 46. Kf2 Ke4 47.
Rb7 Rxa6 48. Rxf7 Ra3 49. Kg2 Rf3 50. Rf6 Rxf4 51. Kg3 Rf5 52. Rxe6+ Re5 53.
Rxg6 Kf5 54. Rg8 Re4 55. Kf3 Rf4+ 56. Kg3 Rg4+ 57. Kf3 Rxg5 58. Rxg5+ Kxg5 1/2-1/2

[Event "Online Olym Div2 C 2020"]
[Site "chess.com INT"]
[Date "2020.08.15"]
[Round "4.2"]
[Board "3"]
[White "Viikmaa, Karmen"]
[Black "Unuk, Laura"]
[Result "0-1"]
[BlackTitle "WGM"]
[WhiteElo "1720"]
[BlackElo "2315"]
[WhiteTeam "Estonia"]
[BlackTeam "Slovenia"]
[WhiteFideId "4502620"]
[BlackFideId "14609215"]
[EventDate "2020.08.14"]
[EventType "team"]

1. Nf3 Nf6 2. g3 b6 3. Bg2 Bb7 4. O-O c5 5. d3 e6 6. e4 d5 7. e5 Nfd7 8. c3 Nc6
9. d4 Be7 10. Na3 Ba6 11. Re1 b5 12. Nc2 b4 13. h3 O-O 14. Ne3 Rc8 15. Qa4 Qb6
16. Ng4 Bb5 17. Qd1 bxc3 18. bxc3 cxd4 19. cxd4 Nb4 20. Ba3 Qa5 21. Re3 Nb6 22.
Bxb4 Qxb4 23. Rb3 Qa5 24. Qb1 Ba4 25. Rb2 Rc7 26. Ne3 Rfc8 27. Qf1 Bb4 28. Nd1
Bb5 29. Re2 Qa6 0-1

[Event "Online Olym Div2 C 2020"]
[Site "chess.com INT"]
[Date "2020.08.15"]
[Round "4.2"]
[Board "5"]
[White "Garanin, Aleksei"]
[Black "Stevanic, David"]
[Result "1-0"]
[WhiteTitle "FM"]
[BlackTitle "FM"]
[WhiteElo "2233"]
[BlackElo "2337"]
[WhiteTeam "Estonia"]
[BlackTeam "Slovenia"]
[WhiteFideId "4504950"]
[BlackFideId "14613921"]
[EventDate "2020.08.14"]
[EventType "team"]

1. d4 Nf6 2. c4 g6 3. Nc3 Bg7 4. e4 d6 5. Nf3 O-O 6. Be2 e5 7. O-O exd4 8. Nxd4
Re8 9. f3 Nc6 10. Nxc6 bxc6 11. Bg5 h6 12. Bh4 g5 13. Bf2 Nh5 14. Qd2 f5 15.
Rfe1 Nf4 16. Bf1 fxe4 17. Nxe4 Bf5 18. Rad1 Bxe4 19. fxe4 Qf6 20. c5 Rad8 21.
Qa5 Qxb2 22. Qxc7 Ne6 23. Qxc6 Kh8 24. cxd6 Rf8 25. Re2 Qb4 26. e5 Rc8 27. Qe4
Nf4 28. Qxb4 1-0

[Event "Online Olym Div2 C 2020"]
[Site "chess.com INT"]
[Date "2020.08.15"]
[Round "4.3"]
[Board "1"]
[White "Ahmad, Al Khatib"]
[Black "Van Foreest, Jorden"]
[Result "0-1"]
[WhiteTitle "IM"]
[BlackTitle "GM"]
[WhiteElo "2254"]
[BlackElo "2682"]
[WhiteTeam "Jordan"]
[BlackTeam "Netherlands"]
[WhiteFideId "8103178"]
[BlackFideId "1039784"]
[EventDate "2020.08.14"]
[EventType "team"]

1. Nf3 d5 2. g3 g6 3. Bg2 Bg7 4. O-O e5 5. d3 Nc6 6. Nbd2 Nge7 7. e4 O-O 8. exd5
Nxd5 9. Re1 h6 10. Nc4 Re8 11. a4 Nb6 12. Nfd2 Bf5 13. a5 Nxc4 14. Nxc4 Qd7 15.
a6 b6 16. Be3 Rad8 17. Qd2 Kh7 18. f4 exf4 19. Bxf4 Be6 20. Rad1 b5 21. Na3 Bg4
22. Rxe8 Rxe8 23. Re1 Rxe1+ 24. Qxe1 Nd4 25. Bd2 c5 26. Kh1 b4 27. Nc4 Nxc2 28.
Qf1 Bf5 29. Be4 Bxe4+ 30. dxe4 Qe6 31. Qd3 Nd4 32. Kg2 Qxa6 33. Be3 Qe6 34. b3
h5 35. Bxd4 Bxd4 36. Qf3 Kg7 37. Kf1 Qh3+ 38. Qg2 Qg4 39. Qe2 Qg5 40. Kg2 Qc1
41. Kh3 Qc3 42. e5 Qxb3 43. e6 fxe6 44. Qxe6 Qf3 45. Qe7+ Qf7 46. Qe2 b3 47. Kg2
b2 48. Nd6 Qd5+ 0-1

[Event "Online Olym Div2 C 2020"]
[Site "chess.com INT"]
[Date "2020.08.15"]
[Round "4.3"]
[Board "2"]
[White "Bok, Benjamin"]
[Black "Aboudi, Marwan"]
[Result "1-0"]
[WhiteTitle "GM"]
[WhiteElo "2624"]
[BlackElo "2136"]
[WhiteTeam "Netherlands"]
[BlackTeam "Jordan"]
[WhiteFideId "1017063"]
[BlackFideId "8100160"]
[EventDate "2020.08.14"]
[EventType "team"]

1. d4 Nf6 2. c4 e6 3. Nf3 d5 4. Nc3 Be7 5. Bf4 O-O 6. e3 b6 7. Bd3 Bb7 8. cxd5
Nxd5 9. Nxd5 Bxd5 10. Qc2 Bb4+ 11. Ke2 Bd6 12. Bxd6 Qxd6 13. Bxh7+ Kh8 14. Be4
Nd7 15. Rhd1 Rac8 16. Rac1 Nf6 17. Bxd5 Qxd5 18. Qc4 Qa5 19. Rd3 Qf5 20. Qc6 Nd5
21. a3 Qe4 22. Rdd1 Rfd8 23. h3 Rd6 24. Qxd6 1-0

[Event "Online Olym Div2 C 2020"]
[Site "chess.com INT"]
[Date "2020.08.15"]
[Round "4.3"]
[Board "3"]
[White "Boshra, Alshaeby"]
[Black "Ratsma, Rosa"]
[Result "1/2-1/2"]
[WhiteTitle "WFM"]
[BlackTitle "WIM"]
[WhiteElo "2033"]
[BlackElo "2306"]
[WhiteTeam "Jordan"]
[BlackTeam "Netherlands"]
[WhiteFideId "8102937"]
[BlackFideId "1033662"]
[EventDate "2020.08.14"]
[EventType "team"]

1. e4 e5 2. Nf3 Nc6 3. Bb5 a6 4. Ba4 Nf6 5. d3 d6 6. c3 g6 7. Nbd2 Bg7 8. Nf1
O-O 9. h3 b5 10. Bb3 Bb7 11. g4 Na5 12. Bc2 c5 13. Ng3 d5 14. Qe2 c4 15. Bg5 h6
16. Bd2 cxd3 17. Bxd3 dxe4 18. Nxe4 Nc4 19. O-O-O Nxd2 20. Rxd2 Nd5 21. Bc2 Qa5
22. Nc5 Nf4 23. Qe3 Bxf3 24. Qxf3 Qxa2 25. Bb3 Qa5 26. Qb7 b4 27. cxb4 Qb5 28.
Bxf7+ Kh8 29. Bb3 Ne2+ 30. Kb1 Nd4 31. Qxb5 axb5 32. Bd5 Rad8 33. Be4 Rf6 34.
Rhd1 g5 35. Bf5 Ra8 36. Be4 Re8 37. Bf5 Ra8 38. Be4 Re8 39. Bf5 Ra8 1/2-1/2